E-commerce and Mobile Commerce Technologies / (Record no. 1063)
[ view plain ]
| 000 -LEADER | |
|---|---|
| Fixed length control field | 00504nam a2200181 4500 |
| 003 - CONTROL NUMBER IDENTIFIER | |
| Control field | SEACOMMC |
| 005 - DATE AND TIME OF LATEST TRANSACTION | |
| Control field | 20250502115232.0 |
| 008 - FIXED-LENGTH DATA ELEMENTS--GENERAL INFORMATION | |
| Fixed length control field | 250207b |||||||| |||| 00| 0 eng d |
| 020 ## - INTERNATIONAL STANDARD BOOK NUMBER / ISBN | |
| International Standard Book Number | 81-219-2841-9 |
| Price | Rs.160.00 |
| 040 ## - CATALOGING SOURCE | |
| Original cataloging agency | SEACOMMC |
| 082 ## - DEWEY DECIMAL CLASSIFICATION NUMBER | |
| Classification number | 658.872 |
| Book Number | P 189 |
| 100 ## - MAIN ENTRY--PERSONAL NAME | |
| Personal name | Pandey, U.S |
| 245 1# - TITLE STATEMENT | |
| Title | E-commerce and Mobile Commerce Technologies / |
| Statement of responsibility | U. S. Pandey, Saurabh Shukla |
| 250 ## - EDITION STATEMENT | |
| Edition statement | Rev.ed. |
| 260 ## - IMPRINT | |
| Place of publication | New Delhi |
| Name of publisher | S. Chand Publishers |
| Date of publication | 2007 |
| 650 ## - SUBJECT ADDED ENTRY--TOPICAL TERM | |
| Topical term | E-commerce |
| 942 ## - ADDED ENTRY ELEMENTS (KOHA) | |
| Koha item type | Books |
| Withdrawn status | Lost status | Source of classification | Damaged status | Not for loan | Home library | Current library | Shelving location | Date acquired | Total Checkouts | Call number | Accession number | Date last seen | Price effective from | Koha item type | Copy number |
|---|---|---|---|---|---|---|---|---|---|---|---|---|---|---|---|
| Dewey Decimal Classification | SEACOM MANAGEMENT COLLEGE | SEACOM MANAGEMENT COLLEGE | Reference | 22/07/2008 | 658.872 P 189 | M-1954 | 07/02/2025 | 07/02/2025 | Books | ||||||
| Dewey Decimal Classification | SEACOM MANAGEMENT COLLEGE | SEACOM MANAGEMENT COLLEGE | 22/07/2008 | 658.872 P 189 | M-1955 | 07/02/2025 | 07/02/2025 | Books | 1 | ||||||
| Dewey Decimal Classification | SEACOM MANAGEMENT COLLEGE | SEACOM MANAGEMENT COLLEGE | 22/07/2008 | 658.872 P 189 | M-1956 | 07/02/2025 | 07/02/2025 | Books | 2 | ||||||
| Dewey Decimal Classification | SEACOM MANAGEMENT COLLEGE | SEACOM MANAGEMENT COLLEGE | 22/07/2008 | 658.872 P 189 | M-1957 | 07/02/2025 | 07/02/2025 | Books | 3 | ||||||
| Dewey Decimal Classification | SEACOM MANAGEMENT COLLEGE | SEACOM MANAGEMENT COLLEGE | 22/07/2008 | 658.872 P 189 | M-1958 | 07/02/2025 | 07/02/2025 | Books | 4 | ||||||
| Dewey Decimal Classification | SEACOM MANAGEMENT COLLEGE | SEACOM MANAGEMENT COLLEGE | 22/07/2008 | 658.872 P 189 | M-1959 | 07/02/2025 | 07/02/2025 | Books | 5 | ||||||
| Dewey Decimal Classification | SEACOM MANAGEMENT COLLEGE | SEACOM MANAGEMENT COLLEGE | 22/07/2008 | 658.872 P 189 | M-1960 | 07/02/2025 | 07/02/2025 | Books | 6 | ||||||
| Dewey Decimal Classification | SEACOM MANAGEMENT COLLEGE | SEACOM MANAGEMENT COLLEGE | 22/07/2008 | 658.872 P 189 | M-1961 | 07/02/2025 | 07/02/2025 | Books | 7 | ||||||
| Dewey Decimal Classification | SEACOM MANAGEMENT COLLEGE | SEACOM MANAGEMENT COLLEGE | 22/07/2008 | 658.872 P 189 | M-1962 | 07/02/2025 | 07/02/2025 | Books | 8 | ||||||
| Dewey Decimal Classification | SEACOM MANAGEMENT COLLEGE | SEACOM MANAGEMENT COLLEGE | 22/07/2008 | 658.872 P 189 | M-1963 | 07/02/2025 | 07/02/2025 | Books | 9 |
